00422nam a2200145Ia 4500008004100000020001800041041000800059082001600067100001900083245010000102250000600202260003400208300001200242650002200254210716s2017 xx 000 0 und d a9781783784097 aeng a374.22 GESM aGessen, Masha. aFuture is history: how totalitarianism reclaimed Russia.bHow totalitarianism reclaimed Russia. a1 aNew YorkbPenguin Booksc2017 axii,515 aGeneral Knowledge